000 00848nmm a2200265 a 4500
001 ocm000701613
003 TR-IsHL
005 20201028140157.0
008 131212s2001 tu tur
007 cr cn
035 _a701613
_b(N$T)
050 0 4 _aWZ70
_b.T57 2001
090 0 4 _aWZ70
_b.T57 2001
245 1 0 _aTıp tarihi araştırmaları 10 =
_bHistory of medicine studies 10
_h[electronic resource] /
_ced. Hüsrev Hatemi, Aykut Kazancıgil
260 _aİstanbul :
_bYüce Yayınları,
_c2001
300 _a292 p.
650 4 _aTıp
650 4 _aMedicine
650 0 _aTıp
_x Tarih
650 0 _aMedicine
_x History
650 7 _aMEDICAL / History
_2bisacsh
700 1 _aHatemi, Hüsrev
700 1 _aKazancıgil, Aykut
856 4 0 _uhttp://search.ebscohost.com/login.aspx?direct=true&scope=site&db=e011xww&AN=701613
999 _c7148
_d7148